People Mentioned in Adam Sandler's Chanukah Song - Statistics

General Stats
  • This quiz has been taken 23 times
  • The average score is 16 of 87
Answer Stats
Version Person % Correct
Original OJ Simpson
68%
Original All Three Stooges
64%
Original Captain Kirk
55%
Original Spock
55%
Original Arthur Fonzarelli
50%
Version III Ross Geller
50%
Version III Squiggy
50%
Original David Lee Roth
45%
Original Harrison Ford
45%
Version III Tom Arnold
45%
Version IV David Beckham
41%
Version III David Blaine
41%
Original Dinah Shore
41%
Version II Happy Gilmore
41%
Original Kirk Douglas
41%
Version IV Stan Lee
41%
Original Tom Cruise's Agent
41%
Original Dear Abby
36%
Original Paul Newman
36%
Original Rod Carew
36%
Original Adam Sandler
32%
Original Ann Landers
32%
Version II Beastie Boys
32%
Version IV Geddy Lee
32%
Original Goldie Hawn
32%
Original Bowzer from Sha Na Na
27%
Original Ebenezer Scrooge
27%
Version III Jack Black
27%
Version II Bob Dylan
23%
Version III Deuce Bigalow
18%
Version II Dustin Hoffman
18%
Original James Caan
18%
Version II Lenny Kravitz
18%
Version II Mary Tyler Moore's Husband
18%
Version III Michael Landon
18%
Version II Winona Ryder
18%
Version IV Adam Levine
14%
Version II Bruce Springsteen
14%
Version IV Jesus
14%
Version III Lou Reed
14%
Version III Melissa Gilbert
14%
Version III Perry Farrell
14%
Version II Scooby Doo's Voice
14%
Version III Ben Stiller
9%
Version II Courtney Love
9%
Version IV Goldberg
9%
Version IV Google Founders
9%
Version II Harvey Keitel
9%
Version III Houdini
9%
Version III Jerry Lewis
9%
Version IV Joseph Gordon-Levitt
9%
Version III Phoebe Buffay
9%
Version IV Santa Claus
9%
Version IV Seth Rogen
9%
Version II Tiger Woods
9%
Version II Veruca Salt
9%
Version III Willie Nelson's Bandmate
9%
Version IV Ben & Jerry
5%
Version II Calvin Klein
5%
Version IV Harry Potter
5%
Version IV Jared from Subway
5%
Version II Jennifer Beals
5%
Version III Jennifer Connelly
5%
Version III Natalie Portman
5%
Version III Osama Bin Laden
5%
Original Owner of the Seattle SuperSonics
5%
Version III Paula Abdul
5%
Version IV Princess Leia
5%
Version II Ralph Lauren
5%
Version IV Ron Jeremy
5%
Version III Sarah Hughes
5%
Version II Yasmine Bleeth
5%
Version III Beck
0%
Version III Debra Messing
0%
Version IV Drake
0%
Version IV Dr. Jonas Salk
0%
Version III Gwyneth Paltrow
0%
Version IV Hulk Hogan
0%
Version IV Jake Gyllenhaal
0%
Version III Joey Ramone
0%
Version IV Loveline's Dr. Drew
0%
Version IV Olaf
0%
Version IV Punky Brewster
0%
Version IV Queen Elsa
0%
Version IV Scarlett Johansson
0%
Version IV Scott Rudin
0%
Version IV Shia LaBeouf
0%
No matching quizzes found
Score Distribution
Percent of People with Each Score
Percentile by Number Answered
Your Score History
You have not taken this quiz